LIBRARY & INFORMATION CENTRE, KCAET, TAVANUR

ONLINE PUBLIC ACCESS CATALOGUE (OPAC)

Studies on vacuum drying of coconut (Record no. 15045)

MARC details
000 -LEADER
fixed length control field 00588nam a22001817a 4500
003 - CONTROL NUMBER IDENTIFIER
control field OSt
088 ## - REPORT NUMBER
Report number P 281
100 ## - MAIN ENTRY--AUTHOR NAME
Personal name ANJALI V
-- HAFISA HAMEED
245 ## - TITLE STATEMENT
Title Studies on vacuum drying of coconut
260 ## - PUBLICATION, DISTRIBUTION, ETC. (IMPRINT)
Place of publication Tavanur 2014
Name of publisher Department of Post-Harvest Technology and Agricultural Processing
300 ## - PHYSICAL DESCRIPTION
Number of Pages 40
500 ## - GENERAL NOTE
General note Studies on vacuum drying of coconut
520 ## - SUMMARY, ETC.
Summary, etc Studies on vacuum drying of coconut
700 ## - ADDED ENTRY--PERSONAL NAME
Personal name Dr. Prince M. V (Guide)
856 ## - ELECTRONIC LOCATION AND ACCESS
Uniform Resource Identifier https://drive.google.com/open?id=1G0_LNP6eq_Ckshx_zS2DPokAcABjcIHd
942 ## - ADDED ENTRY ELEMENTS (KOHA)
Koha item type Project Report
Holdings
Collection code Home library Current library Shelving location Full call number Accession Number Koha item type
Reference KAUAET KAUAET Reference 631.56 ANJ/ST P 281 Project Report
free website counter